000 01262nam a2200325 a 4500
001 ebr10364679
003 CaPaEBR
006 m u
007 cr cn|||||||||
008 041014s2004 nyu s 000 0 eng
010 _z 2004024028
020 _z1559362391 (pbk. : alk. paper)
040 _aCaPaEBR
_cCaPaEBR
035 _a(OCoLC)647874565
043 _aa-af---
050 1 4 _aPS3561.U778
_bH66 2004eb
082 0 4 _a812/.54
_222
100 1 _aKushner, Tony.
245 1 0 _aHomebody/Kabul
_h[electronic resource] /
_cTony Kushner.
250 _aRev. version.
260 _aNew York :
_bTheatre Communications Group ; St. Paul, MN :
_bDistributed to the book trade by Consortium Book Sales and Distribution,
_c2004.
300 _axvi, 149 p.
533 _aElectronic reproduction.
_bPalo Alto, Calif. :
_cebrary,
_d2013.
_nAvailable via World Wide Web.
_nAccess may be limited to ebrary affiliated libraries.
650 0 _aBritish
_zAfghanistan
_vDrama.
650 0 _aMissing persons
_vDrama.
651 0 _aKabul (Afghanistan)
_vDrama.
655 7 _aElectronic books.
_2local
710 2 _aebrary, Inc.
856 4 0 _uhttp://site.ebrary.com/lib/rucke/Doc?id=10364679
_zAn electronic book accessible through the World Wide Web; click to view
999 _c110515
_d110515